000 00630nam a22002177a 4500
003 UA-OsUOA
001 39390
007 ta
008 20080406b un ||||| |||| 00| 0 ukr d
090 _a82(477)
_bТ19
942 _cBK
040 _aUA-OsUOA
_bukr
_cUA-OsUOA
_dUA-OsUOA
245 _aТарас Шечченко. Життя і творчість у портретах, ілюстраціях і документах.
300 _a1861 с.
955 _a1
041 _aukr
080 _a82(477)
260 _aКиїв
_c1964
650 7 _a82 Література. Літературознавство
_2UDC
999 _c437906
_d437906